Statistics for Berlin U-Bahn stations on a Map

Click here to take the quiz!

General Stats

  • This quiz has been taken 983 times
    (928 since last reset)
  • The average score is 76 of 208

Answers on the Map

Answers color-coded by a green-red scale on the quiz's map according to % correct below.
 

Answer Stats

Answer% Correct
Alexanderplatz
90%
Brandenburger Tor
74%
U7Rathaus Spandau
73%
Schloßstraße
68%
Rotes Rathaus
67%
Rathaus Schöneberg
66%
Potsdamer Platz
65%
Friedrichstraße
64%
Rathaus Reinickendorf
64%
Pankstraße
63%
Bundesplatz
62%
Unter den Linden
62%
U1 | U3Warschauer Straße
62%
Zoologischer Garten
61%
U2Pankow
60%
Tempelhof
59%
Kottbusser Tor
57%
Altstadt Spandau
56%
Kurfürstenstraße
56%
Hermannplatz
54%
Hermannstraße
54%
Bundestag
53%
Museumsinsel
50%
Neukölln
50%
Nollendorfplatz
50%
Olympia-Stadion
50%
Frankfurter Tor
49%
Gleisdreieck
49%
Sophie-Charlotte-Platz
49%
U6Alt-Tegel
48%
Rudow
48%
Osloer Straße
47%
Hallesches Tor
46%
Krumme Lanke
46%
Stadtmitte
46%
Wittenbergplatz
46%
Kurfürstendamm
45%
Ruhleben
45%
Schlesisches Tor
45%
Wedding
45%
Mehringdamm
44%
Rosa-Luxemburg-Platz
44%
Alt-Mariendorf
43%
Berliner Straße
43%
U5Hönow
43%
Karl-Bonhoeffer-Nervenklinik
43%
Berlin Hauptbahnhof
42%
Jannowitzbrücke
42%
Gesundbrunnen
41%
Yorckstraße
41%
Innsbrucker Platz
40%
Onkel Toms Hütte
40%
Oranienburger Tor
38%
Uhlandstraße
38%
Görlitzer Bahnhof
37%
Karl-Marx-Straße
37%
Möckernbrücke
37%
Alt-Tempelhof
36%
Bayerischer Platz
36%
Eberswalder Straße
36%
Lichtenberg
36%
Rathaus Steglitz
36%
Schönhauser Allee
36%
Bismarckstraße
35%
Freie Universität (Thielplatz)
35%
Mohrenstraße
35%
Platz der Luftbrücke
35%
Deutsche Oper
34%
Frankfurter Allee
34%
Heinrich-Heine-Straße
34%
Moritzplatz
34%
Rathaus Neukölln
34%
Rosenthaler Platz
34%
U8Wittenau
34%
Bülowstraße
33%
Dahlem-Dorf
33%
Fehrbelliner Platz
33%
Märkisches Museum
33%
Mendelssohn-Bartholdy-Park
33%
Naturkundemuseum
33%
Adenauerplatz
32%
Boddinstraße
32%
Kochstraße
32%
Prinzenstraße
32%
Tierpark
32%
Turmstraße
32%
Bernauer Straße
31%
Ernst-Reuter-Platz
31%
Heidelberger Platz
31%
Senefelderplatz
31%
Vinetastraße
31%
Bayerischer Platz
30%
Hansaplatz
30%
Jungfernheide
30%
Leopoldplatz
30%
Spittelmarkt
30%
Theodor-Heuss-Platz
30%
Weinmeisterstraße
30%
Westhafen
30%
Zitadelle
30%
Afrikanische Straße
29%
Leinestraße
29%
Schönleinstraße
29%
Seestraße
29%
Südstern
29%
Wilmersdorfer Straße
29%
Eisenacher Straße
28%
Gneisenaustraße
28%
Hausvogteiplatz
28%
Kleistpark
28%
Klosterstraße
28%
Samariterstraße
27%
Spichernstraße
27%
Kurt-Schumacher-Platz
26%
Paradestraße
26%
Richard-Wagner-Platz
26%
Siemensdamm
26%
Viktoria-Luise-Platz
26%
Voltastraße
26%
Weberwiese
26%
Birkenstraße
25%
Blissestraße
25%
Breitenbachplatz
24%
Cottbusser Platz
24%
Hellersdorf
24%
Hohenzollernplatz
24%
Jakob-Kaiser-Platz
24%
Kaiserdamm
24%
Kaiserin-Augusta-Straße
24%
Oskar-Helene-Heim
24%
Podbielskiallee
24%
Strausberger Platz
24%
Amrumer Straße
23%
Augsburger Straße
23%
Friedrichsfelde
23%
Friedrich-Wilhelm-Platz
23%
Grenzallee
23%
Mierendorffplatz
23%
Rehberge
23%
Reinickendorfer Straße
23%
Rohrdamm
23%
Schillingstraße
23%
Walther-Schreiber-Platz
23%
Britz-Süd
22%
Haselhorst
22%
Konstanzer Straße
22%
Magdalenenstraße
22%
Neu-Westend
22%
Paracelsus-Bad
22%
Rüdesheimer Platz
22%
Schwartzkopffstraße
22%
Borsigwerke
21%
Kaulsdorf-Nord
21%
Nauener Platz
21%
Biesdorf-Süd
20%
Johannisthaler Chaussee
20%
Paulsternstraße
20%
Ullsteinstraße
20%
Blaschkoallee
19%
Güntzelstraße
19%
Halemweg
19%
Wuhletal
19%
Franz-Neumann-Platz
18%
Kienberg (Gärten der Welt)
18%
Lipschitzallee
18%
Westphalweg
18%
Otisstraße
17%
Parchimer Allee
17%
Residenzstraße
17%
Wutzkyallee
17%
Zwickauer Damm
17%
Elsterwerdaer Platz
16%
Louis-Lewin-Straße
16%
Scharnweberstraße
16%
Lindauer Allee
15%
Holzhauser Straße
14%

Score Distribution

Percentile by Number Answered

Percent of People with Each Score

Your Score History

You have not taken this quiz since the last reset